000 00373nam a22001577a 4500
003 MPLRDC
005 20220104125556.0
008 210129b ||||| |||| 00| 0 eng d
082 _a947.413 MTXZ v.5
100 _a梅田香子原作
245 _aNBA STORY. 五
_c
260 _a
_b天下出版社
_c
300 _b
650 _a漫画
942 _cBK
_o947.413 MTXZ v.5
999 _c28455
_d28445